000
00287nam a2200097Ia 4500
001
1250503
005
20251031150857.0
008
251031s9999 xx 000 0 und d
245
0
_c
HATİCE KÜBRA TONGAR
_a
I-1 PEYGAMBERLERİN ÇOCUK EĞİTİMİ METOTLARI
260
_b
HAYY KİTAP YAYINLARI
999
_c
1250503
_d
1250503